000 00586nam a2200217Ia 4500
003 OSt
005 20220924113234.0
006 a|||||r|||| 00| 0
007 ta
008 220923b |||||||| |||| 00| 0 hin d
024 _a216477
037 _cDictionary
040 _aARTS
_cARTS
_bhin
041 _2hin
_ahin
082 _aP152:4k, K0
100 _aबाहरी, हरदेव
245 0 _aबृहत्-हिन्दी कोश
260 _c1960
942 _hP152:4k, K0
_cdic
_2cc
999 _c389691
_d389691